Detroit Lions Schedule 2022/2023 - Statistics

General Stats
  • This quiz has been taken 21 times
  • The average score is 12 of 18
Answer Stats
Week Lions Opponent % Correct
1 Lions vs Eagles
93%
12 Lions vs Bills
86%
2 Lions vs Commanders
86%
18 Lions at Packers
79%
10 Lions at Bears
71%
17 Lions vs Bears
71%
3 Lions at Vikings
71%
7 Lions at Cowboys
64%
11 Lions at Giants
64%
9 Lions vs Packers
64%
16 Lions at Panthers
64%
4 Lions vs Seahawks
64%
6 Lions Bye
57%
5 Lions at Patriots
57%
14 Lions vs Vikings
57%
8 Lions vs Dolphins
50%
13 Lions vs Jaguars
50%
15 Lions at Jets
50%
No matching quizzes found
Score Distribution
Percent of People with Each Score
Percentile by Number Answered
Your Score History
You have not taken this quiz